000 02055cam a22001814a 4500
005 20250605164207.0
008 250528s ||||||||||||||||||||||||d
035 _a20076
040 _aGR-AtMCL
_bgre
_dGR-AtMCL
_eAACR2
245 1 _aΟι Ηλικιωμένοι στην Ελλάδα / Στατιστική Ανάλυση των Κοινωνικοοικονομικών Χαρακτηριστικών Δοκίμια 6
260 _bΚέντρο Προγραμματισμού Και Οικονομικών Ερευνών,
_c1984
300 _a68
520 _aΟι Ηλικιωμένοι στον Πληθυσμό, Θέση των Ηλικιωμένων στην Αγορά Εργασίας, Οικογενειακή Κατάσταση των Ηλικιωμένων, Επίπεδο Εκπαίδευσης των Ηλικιωμένων, Συνθήκες Στέγασης των Ηλικιωμένων, Τα Οικονομικά των Ηλικιωμένων, Κατανομή Πληθυσμού Κατά Ηλικία και Φύλο, Ηλικιωμένοι Κατά Φύλο και Βαθμό Αστικότητας, Θέση των Ηλικιωμένων 65 Ετών και Άνω στην Αγορά Εργασίας, Οικογενειακή Κατάσταση Ηλικιωμένων κατά Ηλικία (Ποσοστά), Επίπεδο Εκπαίδευσης του Πληθυσμού και των Ηλικιωμένων, Επίπεδο Εκπαίδευσης Ανδρών Κατά Ηλικία, Επίπεδο Εκπαίδευσης Γυναικών Κατά Ηλικία, Κατανομή Νοικοκυριών Κατά Αριθμό Δωματίων, Εξοπλισμός Κατοικιών για Ομάδες Νοικοκυριών, Διαγράμματα, Νοικοκυριά Κατά Αριθμό Δωματίων Κατοικίας, Εξοπλισμός Κατοικιών για Ομάδες Νοικοκυριών (1974).
700 1 _aΚανελλοπούλου Κ. Ν
_96131
942 _cBK
999 _c5223
_d5223